| 000 | 00489nam a22001937a 4500 | ||
|---|---|---|---|
| 005 | 20231010105342.0 | ||
| 008 | 231010b ||||| |||| 00| 0 eng d | ||
| 020 | _a9789393805089 | ||
| 040 |
_aIN-DiNC _cIN-DiNC |
||
| 041 | _dasm | ||
| 082 |
_a413.028 _bABH |
||
| 245 |
_aAbhidhantattva/ _cedited by Arpana Konwar |
||
| 250 | _a1st ed. | ||
| 260 |
_aDibrugarh: _bBanalata, _c2022. |
||
| 300 | _a259p. | ||
| 650 | _aLexicography | ||
| 700 |
_aKonwar, Arpana _eEditor |
||
| 942 |
_2ddc _cBK |
||
| 999 |
_c11694 _d11694 |
||